MDQL
is popping MORE tags! Check the
thread
!
Quizzes
Events
Quiz Creation
Community
Videos
Private Events
Remove Ads
Sign In
Join for FREE
Feedback
Dark Mode
Quiz Categories
Sports
Geography
Music
Movies
Television
Just For Fun
Miscellaneous
History
Literature
Language
Science
Gaming
Entertainment
Religion
Holiday
For Kids
Quiz Lab
Recent
Popular Today
Quiz Kudos Today
Editor Picks
Curator Picks
Quizzes by...
Day
Popularity
Type
Ratings
Length
Year
Community
Subscriptions
Recent Discussions
Orange Saloon
Badges
Playlists
Quests
Create
Leaderboards
Showdown
Live 5
Trivia Bingo
Activity
Puzzle Library
Sporcle Events
Private Events
Virtual Trivia
Globe League
Become a Host
Pub Owners
SporcleCon
Opinionation
Our Games
Videos
Blog
Mobile Apps
Partnerships
Remove Ads and Go Orange
Feedback
Entertainment
Celebrity
Famous
Musical
Broadway
Show
Quote
Comic Books
Anime
Superhero
DC Comics
Marvel
Cartoons
Animation
Entertainment
Celebrity
Famous
Musical
Broadway
Show
Quote
Comic Books
Anime
Superhero
DC Comics
Marvel
Cartoons
Animation
Random Quiz
Search Sporcle
×
Quiz Lab
Quiz Lab
Entertainment
Broadway
Type in answers that appear in a list
Type in answers that appear in a list
Classic
Best Score? Go Orange.
Fill in the blank show tunes Stats
Can you name the missing word from various Broadway songs?
By
characterism
5m
21 Questions
632 Plays
632 Plays
632 Plays
Comments
Comments
Give Quiz Kudos
Give Quiz Kudos
-
- Ratings
hide this ad
Replay
Link that replays current quiz
Next Quiz
Link to next quiz in quiz playlist
You Got
0%
They Got
Avg Score
46%
Avg Friend Score
Upgrade to see
Score Distribution
Jump to the score distribution portion of the page
Score
0/21
Timer
05:00
0
Plays Today
Lyric
Missing Word
% Correct
When the beating of your heart echoes the beating of the drums, there is a life about to start when _
_
_
_
_
_
_
_
comes!
tomorrow
75.3%
I can do most anything! Can you bake a _
_
_
? No. Neither can I.
pie
70.3%
life's more painless for the _
_
_
_
_
_
_
_
_
why think too hard? when it's so soothing
brainless
68.7%
In my ivory tower life was just a hostess snack but now I've tasted _
_
_
_
_
_
_
_
_
and I'm never going back
chocolate
66.5%
All you will see Is a girl you once knew, although she's dressd up to the _
_
_
_
_
, at sixes and sevens with you
nines
59.8%
Say it loud and there's music playing, Say it soft and it's almost like _
_
_
_
_
_
_
praying
57.9%
I come back, open the door, there's Veronica and Charlie doing number _
_
_
_
_
_
_
_
_
, the spread eagle
seventeen
55.9%
And happy ever after... I _
_
_
_
!
wish
53.8%
Floating, falling, sweet _
_
_
_
_
_
_
_
_
_
_
_
. Touch me, trust me, savor each sensation
intoxication
50.8%
He doesn't like the way I look. He doesn't like the way I _
_
_
_
_
. He doesn't like the way I...
dance
49.7%
I have often walked down this street before; But the _
_
_
_
_
_
_
_
always stayed beneath my feet before.
pavement
43.7%
Lyric
Missing Word
% Correct
Oh say, can you see my _
_
_
_
if you can, then my hair's too short
eyes
43.4%
You're living in America, leave your _
_
_
_
_
_
_
_
_
at the tone
conscience
41.6%
Superboy and the Invisible Girl He's the one you wish would _
_
_
_
_
_
appear
37.5%
For life is quite absurd and _
_
_
_
_
's the final word
death
35.4%
No, y'see, the trouble with poet is 'Ow do you know it's _
_
_
_
_
_
_
_
? Try the priest!
deceased
33.7%
Haven't you noticed suddenly I'm bright and _
_
_
_
_
_
?
breezy
31.2%
I cook like Betty Crocker, and I look like _
_
_
_
_
_
_
_
_
Donna Reed
29.1%
I go up to my room, turn the stereo on, shoot up some you and the you is some _
_
_
_
song
28.3%
Step Five, we close on Broadway, take our two million and go to _
_
_
Rio
26.3%
With a mallet and some clippers you find out new _
_
_
_
_
slippers!
bunny
17.6%
Quiz Playlist
Details
Report
Send in Message
Add To Playlist
Classic:
Type in answers that appear in a list
Last Updated: Feb 16, 2017
Quiz Scoreboard
CHALLENGE
Sign Up to Join the Scoreboard
Show All
Scores
Hide
Comments
May contain spoilers
Recently Published
Two Season TV Shows II
by 123Four
Television
10m
Image Sorting: Flags VI
by Barbecue
Geography
2m
Find the 'City' Movie
by crazypaving
Movies
60s
More to Explore
Quiz From the Vault
Featured Blog Post
14 Easter Pick-up Lines to Find Eggs With
hide this ad
You Might Also Like...
Tags
Broadway Quiz
Musical Quiz
Nintendo Quiz
blank
Broadway Lyrics
Broadway Musicals
Broadway Shows
Showtune
Today's Top Quizzes in Entertainment
Browse Entertainment
hide this ad
Today's Top Quizzes in Broadway
Browse Broadway
Top Contributed Quizzes in Entertainment
1
Marvel Classic Character Map
2
Dragon Ball Z: Goku's Fights in Order
3
Marvel Characters Bunker
4
Movie-Themed Roller Coasters
5
JoJo's Bizarre Logic Quiz
6
Harry Styles-Are you no.1 fan
7
Sorting Pictures: Villains
8
This is Your Life: Edward Elric
9
This is Your Life: Itachi Uchiha
10
Celebrity Spelling Bee
Explore More
Trending Topics
Kpop
Disney
Marvel
Anime
NBA
Crossword
Harry Potter
WWE
Pokémon
NFL
Country
Puzzle
Song
Soccer
The Office
hide this ad
More By:
characterism
Quiz
Plays
Rating
Category
Featured
Created
Characters in 'Into the Woods' (Stage Version)
1,192
4.44
Entertainment
Aug 11, 2010
Fill in the blank show tunes
632
4.50
Entertainment
Mar 30, 2011
'P' for Pokemon
547
4.67
Gaming
Jul 29, 2010
Name the musical from the given lyric
425
4.38
Entertainment
May 28, 2010
Go to Creator's Profile
Score Distribution
Quiz Creator Spotlight
characterism
Follow
Send a Message
Quizzes Created
-
Created Quiz Play Count
-
More By This Creator
Popular Quizzes Today
1
Colored Red Africa Blitz
2
Find the US States - No Outlines Minefield
3
Find the 'City' Movie
4
5x2 Blitz: Bands
5
The Countries of the World
6
Find the US States
7
Find the Countries of Europe - No Outlines Minefield
8
US States
More Entertainment Quizzes
Famous Americans Who Served
Published
Trending Quizzes
Colored Red Europe Blitz I
Colored Red Africa Blitz II
Colored Red Europe Blitz II
Colored Red Africa Blitz III
Colored Red Europe Blitz III
Recently Updated
How Do You Spell That?
pecheneg
Godzilla Movies
pecheneg
Grab Bag: 4-10 Letters
pecheneg
2024 March Madness Bracket
pecheneg
Famous TV Couples
Peacemaker
Champions League XIs: Real Madrid
pecheneg
Largest US Cities 1790-2010
pecheneg
Rides in Walt Disney World
pecheneg
Most Oscar Losses (Acting)
pecheneg
Beyoncé Albums
pecheneg
Trending Topics
Marvel
Kpop
Anime
Harry Potter
NBA
Disney
Crossword
Song
Soccer
The Office
WWE
Country
NFL
Puzzle
Pokémon
Your Account Isn't Verified!
In order to create a playlist on Sporcle, you need to verify the email address you used during registration. Go to your
Sporcle Settings
to finish the process.
Report this User
Report this user for behavior that violates our
Community Guidelines
.
Details:
Send Report
Go to the Sporcle.com Mobile Site →
Comments